00574nam a22001337a 450000500170000000800410001702000140005810000500007224501750012225000390029726000470033630000250038350000320040820250516100625.0250516b |||||||| |||| 00| 0 eng d a978978996 aDachollom C. Datirid2020 Dachollom c. Datiri aFinance in the Pauline Churches:b A Social-Exegetical Study of the Funding of Paul's Mission and the Financial Administration of His Congregations/cDatiri, Dachollom C. a1st editionblynx communiation ltd aUK,bBARAKA PRESS AND PUBLISHERS LTDc2020 bxxviii, 323p.;c21cm 3bookawelcome to kku libary